| 000 | 01008cam a22002894a 4500 | ||
|---|---|---|---|
| 001 | 12892037 | ||
| 003 | OSt | ||
| 005 | 20160425180331.0 | ||
| 008 | 020812s2003 nyua b 000 0 eng | ||
| 010 | _a 2002111343 | ||
| 020 | _a0716797798 | ||
| 035 | _a(DLC) 2002111343 | ||
| 040 |
_aDLC _cDLC _dDLC |
||
| 042 | _apcc | ||
| 050 | 0 | 0 |
_aQD257.5 _b.M63 2003b |
| 082 | 0 | 0 |
_a547 _222 _bMOD 2003 |
| 100 | 1 |
_aMohrig, Jerry R. _98267 |
|
| 245 | 1 | 0 |
_aModern projects and experiments in organic chemistry : _bminiscale and standard taper microscale / _cJerry R. Mohrig ... [et al.]. |
| 250 | _a2nd ed. | ||
| 260 |
_aNew York : _bW.H. Freeman, _c2003. |
||
| 300 |
_axiv, 397 p. : _bill. ; _c28 cm. |
||
| 504 | _aIncludes bibliographical references. | ||
| 650 | 0 |
_aChemistry, organic _xExperiments. _98268 |
|
| 906 |
_a7 _bcbc _corignew _d3 _eepcn _f20 _gy-gencatlg |
||
| 942 |
_2ddc _cSLOAN |
||
| 999 |
_c3749 _d3749 |
||